Die Prinzessin auf der Erbse

Bibliographic Details
Main Author: Andersen, Hans Christian, 1805-1875 (Author)
Other Authors: Dusíková, Maja, 1946- (Illustrator)
Format: Book
Language:German
PhysicalDescription:[32] s. fareb. ilustr. 30 cm
Published: Zürich NordSüd 2009
ISBN:9783314016943
Edition:Überarb. Neuausg., 2. Aufl.
Subjects:

MARC

LEADER 00000nam a2200000 a 4500
001 vtls010193214
003 SK-MaSNL
005 20260301213202.0
008 240314s2009 sz a b 000 1 ger
015 |a SNBZSA2011-00148 
020 |a 9783314016943  |q (viaz.) 
035 |a DD8F07C0-EAE0-4718-9BD5-58BB23DDB056 
035 |a urn:nbn:sk:snk-amlsup 
035 |a urn:nbn:sk:snk-am00ca6p 
040 |a SNK  |b slo  |c SNK  |e AACR2 
041 0 |a ger 
044 |a sz  |c CH 
072 7 |a 821-93  |x Literatúra pre deti a mládež (beletria)  |2 konspekt 
080 |a 821.113.4-93  |2 2001 
080 |a 821.113.4-3  |x (0.053.2)  |2 2001 
100 1 |a Andersen, Hans Christian,  |d 1805-1875  |4 aut  |9 243296 
245 1 4 |a Die Prinzessin auf der Erbse  |c Hans Christian Andersen ; illustriert von Maja Dusí́ková 
250 |a Überarb. Neuausg., 2. Aufl. 
260 |a Zürich  |b NordSüd  |c 2009 
300 |a [32] s.  |b fareb. ilustr.  |c 30 cm 
650 0 7 |a dánska literatúra  |2 snkph  |9 1181 
650 0 7 |a literatúra pre deti  |2 snkph  |9 55721 
650 0 7 |a publikácie pre deti  |2 snkph  |9 249868 
655 7 |a autorské rozprávky  |2 snkph  |9 70727 
700 1 |a Dusíková, Maja,  |d 1946-  |4 ill  |9 194505 
919 |a 978-3-314-01694-3 
958 |a ZS 
958 |a LX 
958 |a DK 
958 |a DB 
999 |c 920749  |d 922679 
952 |a SNK  |b SNK  |y PREZ  |7 0  |p 17A0681495  |o snkSB 80596  |i snk2010/27078  |8 2  |g 13.80  |0 0  |1 0  |4 0  |d 2010-11-30  |f 1  |l 0  |r 2025-05-05 00:00:00  |w 2026-02-24